Major political parties in Europe - Statistics

General Stats
  • This quiz has been taken 232 times
  • The average score is 15 of 39
Answer Stats
Political group Country MEPs Political party % Correct
European People's Party Group Germany 23 Christian Democratic Union
80%
Europe of Sovereign Nations Germany 15 Alternative for Germany
74%
Progressive Alliance of Socialists and Democrats Italy 21 Democratic Party
69%
Greens-European Free Alliance Germany 12 The Greens
63%
Patriots for Europe France 29 National Rally
62%
Progressive Alliance of Socialists and Democrats Germany 14 Social Democratic Party of Germany
61%
European People's Party Group Poland 21 Civic Platform
59%
Progressive Alliance of Socialists and Democrats France 10 Socialist Party
59%
Patriots for Europe Hungary 10 Fidesz
57%
European People's Party Group Germany 6 Christian Social Union in Bavaria
50%
Renew Europe Slovakia 6 Progressive Slovakia
50%
European People's Party Group Spain 22 People's Party
47%
European Conservatists and Reformists Group Italy 24 Brothers of Italy
46%
European Conservatists and Reformists Group Poland 20 Law and Justice
46%
Patriots for Europe Spain 6 Vox
46%
European People's Party Group Greece 7 New Democracy
41%
Renew Europe Germany 5 Free Democratic Party
40%
European People's Party Group France 5 The Republicans
39%
Patriots for Europe Italy 8 League
38%
Patriots for Europe Austria 6 Freedom Party of Austria
37%
European People's Party Group Austria 5 Austrian People's Party
35%
European People's Party Group Hungary 7 Respect and Freedom Party
34%
Progressive Alliance of Socialists and Democrats Spain 20 Spanish Socialist Workers' Party
34%
Renew Europe France 5 Renaissance
32%
European People's Party Group Portugal 6 Social Democratic Party
32%
Progressive Alliance of Socialists and Democrats Romania 10 Social Democratic Party
32%
The Left in the European Parliament France 9 France Unbowed
31%
Patriots for Europe Netherlands 6 Party for Freedom
31%
Progressive Alliance of Socialists and Democrats Austria 5 Social Democratic Party of Austria
31%
European People's Party Group Italy 8 Forward Italy
30%
Progressive Alliance of Socialists and Democrats Portugal 8 Socialist Party
26%
The Left in the European Parliament Italy 8 Five Star Movement
23%
None Germany 5 Sahra Wagenknecht Alliance
21%
None Slovakia 5 Direction - Social Democracy
18%
European People's Party Group Croatia 6 Croatian Democratic Union
16%
Patriots for Europe Czech Republic 7 ANO 2011
13%
European People's Party Group Romania 8 National Liberal Party
11%
Progressive Alliance of Socialists and Democrats Sweden 5 Swedish Social Democratic Party
9%
Greens-European Free Alliance France 5 The Ecologists
8%
No matching quizzes found
Score Distribution
Percent of People with Each Score
Percentile by Number Answered
Your Score History
You have not taken this quiz